[Event "45th POL-ch"]
[Site "Lublin POL"]
[Date "1988.??.??"]
[Round "1"]
[White "Bany, Jerzy"]
[Black "Borkowski, Franciszek"]
[Result "1-0"]
[WhiteElo "2450"]
[BlackElo "2415"]
[EventDate "1988.02.27"]
[PlyCount "175"]

1.d4 Nf6 2.Nf3 g6 3.c4 Bg7 4.g3 O-O 5.Bg2 d6 6.O-O Nbd7 7.Nc3 e5 8.e4 Re8 
9.h3 a5 10.Re1 exd4 11.Nxd4 c6 12.b3 Nc5 13.Bf4 Nh5 14.Be3 a4 15.b4 Ne6 
16.Nde2 f5 17.exf5 gxf5 18.Qd2 Qf6 19.Rad1 Bf8 20.g4 Nhg7 21.Ng3 f4 22.
Nge4 Qf7 23.Bd4 Be7 24.Bxg7 Qxg7 25.Ne2 Rf8 26.Bf3 Bd7 27.Nd4 Rae8 28.Nxe6
Bxe6 29.Nxd6 Bxd6 30.Qxd6 Bxc4 31.Rxe8 Rxe8 32.a3 Bb3 33.Rd4 Qe5 34.Qd7 
Re7 35.Qc8+ Kg7 36.Rd7 Qe6 37.Rxe7+ Qxe7 38.Qf5 Qf6 39.Qd7+ Qf7 40.Qd4+ 
Qf6 41.Qb6 Qe7 42.Kg2 h6 43.Qd4+ Qf6 44.Qc5 Kf7 45.Qa7 Qe7 46.Qb8 c5 47.
bxc5 Qxc5 48.Qxb7+ Kg8 49.Qc6 Qxa3 50.Qg6+ Kf8 51.Qxh6+ Ke7 52.Qg7+ Ke6 
53.Qg6+ Ke7 54.Qg5+ Ke6 55.Qf5+ Ke7 56.Qe5+ Be6 57.Qc7+ Bd7 58.Qe5+ Be6 
59.Qg7+ Kd8 60.Qd4+ Ke7 61.Bc6 f3+ 62.Kg3 Bb3 63.Qd7+ Kf8 64.Qe8+ Kg7 65.
Qe5+ Kf8 66.h4 Qe7 67.Qb8+ Kg7 68.h5 Qe1 69.Bxf3 Qc3 70.Qa7+ Kg8 71.Kg2 
Qg7 72.Qa8+ Kh7 73.Qe4+ Kh6 74.Qc6+ Kg5 75.Qc1+ Kf6 76.Qf4+ Ke7 77.Qc7+ 
Kf8 78.Qd8+ Kf7 79.Bd5+ Bxd5+ 80.Qxd5+ Ke7 81.Qe4+ Kf6 82.Qd4+ Kf7 83.Qxa4
Qe5 84.Qd7+ Kg8 85.Qf5 Qe7 86.h6 Kh8 87.g5 Qb7+ 88.Qf3 1-0

[Event "45th POL-ch"]
[Site "Lublin POL"]
[Date "1988.??.??"]
[Round "1"]
[White "Hawelko, Marek"]
[Black "Sznapik, Aleksander"]
[Result "1/2-1/2"]
[WhiteElo "2385"]
[BlackElo "2480"]
[EventDate "1988.02.27"]
[PlyCount "84"]

1.e4 d6 2.d4 Nf6 3.Nc3 g6 4.g3 Bg7 5.Bg2 O-O 6.Nge2 e5 7.h3 c6 8.O-O b5 9.
Be3 b4 10.dxe5 dxe5 11.Na4 Ba6 12.Re1 Bb5 13.Nc5 Nfd7 14.b3 Qe7 15.Nxd7 
Nxd7 16.c4 Ba6 17.a3 bxa3 18.Qc1 Rfb8 19.Rxa3 Bc8 20.Bxa7 Bf8 21.Ra4 Rxb3 
22.Bc5 Rxa4 23.Bxe7 Bxe7 24.Qc2 Nc5 25.Rb1 Rxc4 26.Qd1 Rd3 27.Qe1 Be6 28.
Qa5 Rc2 29.Bf1 Rdd2 30.Rb8+ Kg7 31.Re8 Ra2 32.Qc3 Bd6 33.Rd8 Rac2 34.Qa1 
Nxe4 35.Rxd6 Nxd6 36.Qxe5+ Kg8 37.Nd4 Rc1 38.Qxd6 Rdd1 39.Qd8+ Kg7 40.
Nxe6+ fxe6 41.Qe7+ Kg8 42.Kg2 Rxf1 1/2-1/2

[Event "45th POL-ch"]
[Site "Lublin POL"]
[Date "1988.??.??"]
[Round "1"]
[White "Kuczynski, Robert"]
[Black "Szopka, Dariusz"]
[Result "1-0"]
[WhiteElo "2485"]
[BlackElo "2295"]
[EventDate "1988.02.27"]
[PlyCount "67"]

1.e4 g6 2.d4 Bg7 3.Nc3 d6 4.Nf3 Nf6 5.h3 O-O 6.Be3 c6 7.a4 Na6 8.Be2 Qc7 
9.O-O Rd8 10.Qd2 Nb4 11.a5 Bd7 12.Bg5 e5 13.Nd1 c5 14.c3 Nxe4 15.Bxd8 Rxd8
16.Qc1 Nd5 17.dxe5 dxe5 18.Re1 Nf4 19.Bf1 Bc6 20.Qc2 Nd6 21.Nxe5 Be4 22.
Rxe4 Nxe4 23.Nxf7 Re8 24.Bc4 Kf8 25.Ne3 Bf6 26.Ng4 Qc6 27.Qa4 Qxa4 28.Rxa4
Bd8 29.Nxd8 Nd2 30.Bb5 Re1+ 31.Kh2 g5 32.Nxb7 h5 33.Ne3 c4 34.Nc5 1-0

[Event "45th POL-ch"]
[Site "Lublin POL"]
[Date "1988.??.??"]
[Round "1"]
[White "Kujawski, Adam"]
[Black "Matlak, Marek"]
[Result "1/2-1/2"]
[WhiteElo "2345"]
[BlackElo "2410"]
[EventDate "1988.02.27"]
[PlyCount "24"]

1.e4 Nf6 2.e5 Nd5 3.d4 d6 4.Nf3 Bg4 5.Be2 c6 6.c4 Nb6 7.Nbd2 dxe5 8.dxe5 
e6 9.O-O N8d7 10.b3 Be7 11.Bb2 Qc7 12.Nd4 Bxe2 1/2-1/2

[Event "45th POL-ch"]
[Site "Lublin POL"]
[Date "1988.??.??"]
[Round "1"]
[White "Panczyk, Krzysztof"]
[Black "Jasnikowski, Zbigniew"]
[Result "1-0"]
[WhiteElo "2435"]
[BlackElo "2445"]
[EventDate "1988.02.27"]
[PlyCount "105"]

1.Nf3 Nf6 2.c4 g6 3.Nc3 d5 4.cxd5 Nxd5 5.Qa4+ Nc6 6.Ne5 Nb4 7.Nxc6 Nxc6 8.
g3 Bg7 9.Bg2 O-O 10.O-O Bd7 11.d3 Nd4 12.Qd1 Bc6 13.Bxc6 Nxc6 14.Be3 Nd4 
15.Bxd4 Qxd4 16.e3 Qd7 17.d4 c5 18.dxc5 Qc6 19.Qd5 Rfc8 20.Rac1 b6 21.cxb6
Bxc3 22.Qb3 Qxb6 23.Rxc3 Qxb3 24.Rxb3 Rab8 25.Rxb8 Rxb8 26.b3 Rc8 27.Rd1 
Rc2 28.a4 Rb2 29.Rd7 e5 30.Rb7 Rb1+ 31.Kg2 e4 32.g4 g5 33.Rxa7 Rxb3 34.Ra5
h6 35.Rb5 Ra3 36.Rb4 Kg7 37.Rxe4 Kg6 38.Kg3 h5 39.h3 h4+ 40.Kf3 Ra1 41.Rb4
Ra2 42.Rc4 f6 43.Rb4 Kf7 44.Rb7+ Kg6 45.Ra7 Kh6 46.a5 Kg6 47.a6 Kh6 48.Ra8
Kh7 49.Ke4 Rxf2 50.Rf8 Ra2 51.Rxf6 Ra4+ 52.Kd5 Ra3 53.Re6 1-0

[Event "45th POL-ch"]
[Site "Lublin POL"]
[Date "1988.??.??"]
[Round "1"]
[White "Schmidt, Wlodzimierz"]
[Black "Tomaszewski, Roman"]
[Result "1-0"]
[WhiteElo "2440"]
[BlackElo "2370"]
[EventDate "1988.02.27"]
[PlyCount "55"]

1.Nf3 d5 2.d4 Nf6 3.c4 c6 4.Nc3 dxc4 5.a4 a5 6.e4 Bg4 7.Bxc4 e6 8.O-O Bb4 
9.e5 Nd5 10.Ne4 Nd7 11.h3 Bh5 12.Ng3 Bg6 13.Qe2 Qb6 14.Rd1 Be7 15.Bg5 h6 
16.Bxe7 Nxe7 17.Bd3 O-O 18.Bxg6 fxg6 19.Ne4 g5 20.Nd6 Qc7 21.Nd2 Nc8 22.
N2e4 Rd8 23.Nc5 Nxc5 24.dxc5 Qe7 25.Nxb7 Rxd1+ 26.Rxd1 Qxb7 27.Rd8+ Kf7 
28.Qh5+ 1-0

[Event "45th POL-ch"]
[Site "Lublin POL"]
[Date "1988.??.??"]
[Round "1"]
[White "Stempin, Pawel"]
[Black "Twardon, Marian"]
[Result "1-0"]
[WhiteElo "2450"]
[BlackElo "2350"]
[EventDate "1988.02.27"]
[PlyCount "95"]

1.Nf3 Nf6 2.c4 c5 3.Nc3 e6 4.e3 d5 5.d4 a6 6.cxd5 exd5 7.Be2 Nc6 8.O-O Bd6
9.b3 cxd4 10.Nxd4 Nxd4 11.Qxd4 Qc7 12.Bb2 Bxh2+ 13.Kh1 Be5 14.Nxd5 Nxd5 
15.Qxe5+ Qxe5 16.Bxe5 O-O 17.Rfd1 Be6 18.Bf3 Rfd8 19.Rac1 Rd7 20.e4 Nb4 
21.Rxd7 Bxd7 22.Rc7 Bc6 23.Be2 Bxe4 24.Bc4 Bd5 25.Bxd5 Nxd5 26.Rxb7 f6 27.
Bb8 a5 28.a4 Nb4 29.Kg1 Ra6 30.Bf4 h5 31.Bd2 Nc6 32.Bc3 Kf8 33.Kf1 h4 34.
Ke2 Ne7 35.Rb5 Nc6 36.Rb7 Ne7 37.Rb5 Nc6 38.Kd3 Kf7 39.Kc4 g5 40.Rb7+ Ke6 
41.Kb5 Ra8 42.Rb6 Rb8 43.Rxb8 Nxb8 44.Bxa5 Kd7 45.Bc3 Ke6 46.f3 f5 47.a5 
Kd5 48.Bf6 1-0

[Event "45th POL-ch"]
[Site "Lublin POL"]
[Date "1988.??.??"]
[Round "2"]
[White "Borkowski, Franciszek"]
[Black "Schmidt, Wlodzimierz"]
[Result "1/2-1/2"]
[WhiteElo "2415"]
[BlackElo "2440"]
[EventDate "1988.02.27"]
[PlyCount "107"]

1.e4 e6 2.d4 d5 3.Nc3 Bb4 4.Qd3 Ne7 5.a3 Bxc3+ 6.bxc3 dxe4 7.Qxe4 Nbc6 8.
Nf3 Qd5 9.Qxd5 exd5 10.Bf4 Bf5 11.Bxc7 Bxc2 12.Ra2 Bf5 13.Rb2 b6 14.Ba6 
Na5 15.Re2 Kd7 16.Bg3 f6 17.O-O Nec6 18.Rfe1 Rhe8 19.Nd2 Rxe2 20.Rxe2 Re8 
21.Rxe8 Kxe8 22.f3 Kd7 23.Kf2 Be6 24.Bd3 f5 25.Be5 Nxe5 26.dxe5 f4 27.h4 
h6 28.Bb5+ Ke7 29.g3 g5 30.Nf1 Bf5 31.Nh2 Ke6 32.gxf4 gxf4 33.Ng4 Bxg4 34.
fxg4 Kxe5 35.Kf3 Nb3 36.g5 hxg5 37.hxg5 Kf5 38.g6 Kxg6 39.Kxf4 Kf6 40.Ke3 
Ke5 41.Kd3 Kd6 42.Be8 Kc5 43.Bh5 Na5 44.Kc2 b5 45.Be8 Nc4 46.Kb3 a5 47.Bh5
a4+ 48.Ka2 d4 49.cxd4+ Kxd4 50.Be8 Nd6 51.Bd7 Kc3 52.Bc6 Kc2 53.Bd5 Kd2 
54.Bc6 1/2-1/2

[Event "45th POL-ch"]
[Site "Lublin POL"]
[Date "1988.??.??"]
[Round "2"]
[White "Hawelko, Marek"]
[Black "Stempin, Pawel"]
[Result "1/2-1/2"]
[WhiteElo "2385"]
[BlackElo "2450"]
[EventDate "1988.02.27"]
[PlyCount "53"]

1.e4 c5 2.Nf3 d6 3.d4 cxd4 4.Nxd4 Nf6 5.Nc3 e6 6.f4 Be7 7.Bd3 O-O 8.O-O 
Nc6 9.Nf3 Nb4 10.Kh1 b6 11.e5 dxe5 12.fxe5 Nfd5 13.Be4 Ba6 14.Nxd5 exd5 
15.Bxh7+ Kxh7 16.Ng5+ Bxg5 17.Qh5+ Kg8 18.Bxg5 f6 19.Bxf6 Bxf1 20.Bxd8 
Raxd8 21.Qg4 Rf2 22.Qxb4 Rdf8 23.Qg4 R8f5 24.h3 Bxg2+ 25.Qxg2 Rxg2 26.Kxg2
Rxe5 27.Rf1 1/2-1/2

[Event "45th POL-ch"]
[Site "Lublin POL"]
[Date "1988.??.??"]
[Round "2"]
[White "Matlak, Marek"]
[Black "Czerwonski, Aleksander"]
[Result "1/2-1/2"]
[WhiteElo "2410"]
[BlackElo "2335"]
[EventDate "1988.02.27"]
[PlyCount "60"]

1.d4 Nf6 2.c4 g6 3.Nc3 Bg7 4.e4 d6 5.Be2 O-O 6.Bg5 c5 7.dxc5 Qa5 8.Bd2 
Qxc5 9.Nf3 Qc7 10.O-O a6 11.Rc1 e6 12.Bf4 Rd8 13.Qd2 Bf8 14.Rfd1 Be7 15.h3
b6 16.Qe3 Qc5 17.Na4 Qxe3 18.Bxe3 Nbd7 19.Nxb6 Rb8 20.Nxc8 Rdxc8 21.Rc2 
Nxe4 22.Nd2 Nec5 23.Nb1 Ne5 24.Nc3 Nc6 25.b3 Bf6 26.Rcc1 Nb4 27.Rxd6 Bxc3 
28.Bxc5 Rxc5 29.Rxc3 Nxa2 30.Rc2 Nb4 1/2-1/2

[Event "45th POL-ch"]
[Site "Lublin POL"]
[Date "1988.??.??"]
[Round "2"]
[White "Staniszewski, Piotr"]
[Black "Bany, Jerzy"]
[Result "1-0"]
[WhiteElo "2440"]
[BlackElo "2450"]
[EventDate "1988.02.27"]
[PlyCount "51"]

1.d4 e6 2.c4 f5 3.g3 Nf6 4.Bg2 c6 5.Nf3 d5 6.O-O Bd6 7.b3 Qe7 8.Bb2 b6 9.
cxd5 exd5 10.e3 O-O 11.Qc1 Bb7 12.Ba3 Nbd7 13.Bxd6 Qxd6 14.Qa3 c5 15.Nc3 
Ne4 16.Rac1 Rfc8 17.dxc5 bxc5 18.Rfd1 Ndf6 19.Nd2 Nxf2 20.Kxf2 d4 21.Bxb7 
dxe3+ 22.Kg2 exd2 23.Rc2 Ng4 24.Rcxd2 Qh6 25.Kh1 Qe3 26.Qb2 1-0

[Event "45th POL-ch"]
[Site "Lublin POL"]
[Date "1988.??.??"]
[Round "2"]
[White "Sznapik, Aleksander"]
[Black "Jasnikowski, Zbigniew"]
[Result "1-0"]
[WhiteElo "2480"]
[BlackElo "2445"]
[EventDate "1988.02.27"]
[PlyCount "61"]

1.e4 c5 2.Nf3 e6 3.d4 cxd4 4.Nxd4 a6 5.Bd3 Nf6 6.O-O Qc7 7.Qe2 d6 8.c4 g6 
9.Nc3 Bg7 10.Be3 O-O 11.Rac1 Nbd7 12.Rfd1 b6 13.f3 Bb7 14.Qf2 Rac8 15.Bf1 
Qb8 16.Nc2 Qc7 17.Qd2 Ne8 18.Nd4 Qd8 19.b4 Qe7 20.Bf2 f5 21.exf5 gxf5 22.
Re1 Nc7 23.Nd5 Bxd5 24.cxd5 Bxd4 25.Qxd4 e5 26.Qd3 b5 27.Rc2 e4 28.fxe4 f4
29.Rec1 Ne5 30.Qh3 f3 31.g3 1-0

[Event "45th POL-ch"]
[Site "Lublin POL"]
[Date "1988.??.??"]
[Round "2"]
[White "Szopka, Dariusz"]
[Black "Panczyk, Krzysztof"]
[Result "1-0"]
[WhiteElo "2295"]
[BlackElo "2435"]
[EventDate "1988.02.27"]
[PlyCount "57"]

1.e4 c5 2.Nf3 d6 3.Nc3 Nc6 4.Bc4 Nf6 5.d3 e6 6.O-O Be7 7.a3 O-O 8.Ba2 b6 
9.Re1 Bb7 10.Ne2 d5 11.e5 Nd7 12.Ng3 Rc8 13.c3 b5 14.d4 cxd4 15.cxd4 b4 
16.Qd3 Re8 17.Bd2 Qb6 18.Bb1 Nf8 19.Nh5 bxa3 20.bxa3 Ba6 21.Qe3 Rc7 22.Qf4
Na5 23.Ng5 Bd8 24.Nxg7 Kxg7 25.Nxh7 Nxh7 26.Qh6+ Kg8 27.Bxh7+ Kh8 28.Bg6+ 
Kg8 29.Qh7+ 1-0

[Event "45th POL-ch"]
[Site "Lublin POL"]
[Date "1988.??.??"]
[Round "2"]
[White "Tomaszewski, Roman"]
[Black "Kuczynski, Robert"]
[Result "1/2-1/2"]
[WhiteElo "2370"]
[BlackElo "2485"]
[EventDate "1988.02.27"]
[PlyCount "186"]

1.d4 f5 2.c4 Nf6 3.g3 g6 4.Bg2 Bg7 5.Nf3 O-O 6.O-O d6 7.Nc3 c6 8.d5 e5 9.
dxc6 bxc6 10.b3 e4 11.Nd4 Ng4 12.h3 Ne5 13.f4 Nf7 14.e3 Bd7 15.Bb2 Na6 16.
Rf2 Nc5 17.Bf1 a5 18.Rb1 Re8 19.Qd2 Qe7 20.Nd1 a4 21.b4 a3 22.Ba1 Nd3 23.
Bxd3 exd3 24.Qxd3 c5 25.Nc2 Bxa1 26.Rxa1 Qe4 27.Qxe4 Rxe4 28.Nc3 Rxc4 29.
Nd5 Ra7 30.Nf6+ Kg7 31.Nxd7 Rxd7 32.bxc5 dxc5 33.Nxa3 Ra4 34.Nb5 Rb7 35.
Nc3 Ra3 36.Rc2 Nd6 37.Nd1 Ne4 38.Kg2 Rd7 39.Kf3 Rdd3 40.Re2 Nd2+ 41.Kf2 c4
42.Kg2 c3 43.Nf2 Rd7 44.Rc1 Nc4 45.Rcc2 Nd6 46.Kf3 Nb5 47.Kg2 Ra4 48.Rc1 
Kf7 49.Nd1 h5 50.Nxc3 Nxc3 51.Rxc3 Rda7 52.Rcc2 Ra3 53.Rb2 Re7 54.Rb3 Rea7
55.Rbb2 Rc7 56.Kf3 Rcc3 57.Rb5 Kg7 58.Re5 Rc1 59.Rb5 Rf1+ 60.Kg2 Ra1 61.
Rbb2 Rc3 62.Rbd2 Ra3 63.Rb2 Kf6 64.Kf2 Kg7 65.Rec2 Kh6 66.Kf3 Rf1+ 67.Rf2 
Rg1 68.Rb3 Rxb3 69.axb3 Rb1 70.Rc2 Rxb3 71.Rc7 Ra3 72.Re7 Ra1 73.g4 hxg4+ 
74.hxg4 fxg4+ 75.Kxg4 Rg1+ 76.Kf3 Re1 77.Rf7 Rf1+ 78.Ke2 Ra1 79.e4 Ra2+ 
80.Kd3 Ra3+ 81.Kd4 Ra4+ 82.Kd5 Ra5+ 83.Kd4 Ra4+ 84.Ke3 Ra3+ 85.Kf2 Ra2+ 
86.Kf3 Ra3+ 87.Kg4 Re3 88.Re7 Ra3 89.e5 Re3 90.e6 Re2 91.Re8 Kg7 92.f5 
gxf5+ 93.Kxf5 Re1 1/2-1/2

[Event "45th POL-ch"]
[Site "Lublin POL"]
[Date "1988.??.??"]
[Round "2"]
[White "Twardon, Marian"]
[Black "Kujawski, Adam"]
[Result "0-1"]
[WhiteElo "2350"]
[BlackElo "2345"]
[EventDate "1988.02.27"]
[PlyCount "60"]

1.d4 Nf6 2.c4 c5 3.d5 e6 4.Nc3 exd5 5.cxd5 d6 6.Nf3 g6 7.Bf4 a6 8.e4 Bg7 
9.Qa4+ Bd7 10.Qc2 Bg4 11.Nd2 Nh5 12.Be3 b5 13.h3 Bc8 14.Be2 O-O 15.g4 Nf6 
16.a4 bxa4 17.Nc4 Ne8 18.e5 Nd7 19.exd6 Ne5 20.Nxa4 Nxc4 21.Qxc4 Nxd6 22.
Qc2 Rb8 23.O-O f5 24.Bxc5 fxg4 25.hxg4 Be5 26.Kg2 Bf5 27.Qd1 Be4+ 28.f3 
Qh4 29.Rh1 Qg3+ 30.Kf1 Bxf3 0-1

[Event "45th POL-ch"]
[Site "Lublin POL"]
[Date "1988.??.??"]
[Round "3"]
[White "Bany, Jerzy"]
[Black "Matlak, Marek"]
[Result "1/2-1/2"]
[WhiteElo "2450"]
[BlackElo "2410"]
[EventDate "1988.02.27"]
[PlyCount "122"]

1.d4 d5 2.c4 e6 3.Nf3 c6 4.e3 f5 5.g3 Nf6 6.Bg2 Bd6 7.O-O O-O 8.b3 Qe7 9.
Bb2 b6 10.Qc1 Nbd7 11.Ba3 Bb7 12.Bxd6 Qxd6 13.cxd5 cxd5 14.Qa3 Ne4 15.Qxd6
Nxd6 16.Rc1 Rfc8 17.Nc3 Rc7 18.Ne2 Rac8 19.Rxc7 Rxc7 20.Rc1 Rxc1+ 21.Nxc1 
Ba6 22.Bf1 Bxf1 23.Kxf1 Nf7 24.Nd3 Kf8 25.Nb4 Nb8 26.h4 Ke7 27.Ke2 Kd6 28.
Ne1 Nd7 29.Ned3 Nf6 30.f3 Nh5 31.Kf2 Nf6 32.Nc2 Nd7 33.Na3 a6 34.Nb1 e5 
35.Nc3 Nf6 36.dxe5+ Nxe5 37.Nb4 a5 38.Nc2 Nc6 39.a3 g6 40.b4 axb4 41.axb4 
Ne5 42.Nb5+ Ke7 43.Nbd4 Kd6 44.Nb5+ Ke7 45.Nc3 Kd6 46.Na4 Kc7 47.Kg2 Nc4 
48.Nc3 Kd6 49.Ne2 Kc6 50.Ncd4+ Kd6 51.Kf2 Nh5 52.Nb5+ Kc6 53.Ned4+ Kd7 54.
Nc3 Kd6 55.Na4 Nf6 56.Ne2 Nh5 57.Nc1 Nf6 58.Nc3 Kc6 59.Nd3 Nh5 60.Ne2 Kd6 
61.Nd4 Ke7 1/2-1/2

[Event "45th POL-ch"]
[Site "Lublin POL"]
[Date "1988.??.??"]
[Round "3"]
[White "Czerwonski, Aleksander"]
[Black "Twardon, Marian"]
[Result "1/2-1/2"]
[WhiteElo "2335"]
[BlackElo "2350"]
[EventDate "1988.02.27"]
[PlyCount "37"]

1.d4 Nf6 2.c4 e6 3.Nf3 c5 4.d5 exd5 5.cxd5 d6 6.Nc3 g6 7.Bg5 h6 8.Bh4 g5 
9.Bg3 Nh5 10.Nd2 Nxg3 11.hxg3 Bg7 12.e3 Nd7 13.Nc4 Ne5 14.Nxe5 Bxe5 15.Bd3
a6 16.a4 Rb8 17.Qc2 Kf8 18.O-O g4 19.Rac1 1/2-1/2

[Event "45th POL-ch"]
[Site "Lublin POL"]
[Date "1988.??.??"]
[Round "3"]
[White "Jasnikowski, Zbigniew"]
[Black "Szopka, Dariusz"]
[Result "1-0"]
[WhiteElo "2445"]
[BlackElo "2295"]
[EventDate "1988.02.27"]
[PlyCount "59"]

1.d4 g6 2.c4 Bg7 3.Nc3 d6 4.Nf3 Nc6 5.g3 e5 6.dxe5 dxe5 7.Qxd8+ Kxd8 8.
Bg5+ Nge7 9.O-O-O+ Bd7 10.Bh3 f5 11.Ne4 Kc8 12.Nc5 Rd8 13.e4 b6 14.Nxd7 
Rxd7 15.Nh4 Nd4 16.Bxe7 Rxe7 17.exf5 gxf5 18.Nxf5 Nxf5 19.Bxf5+ Kb7 20.
Be4+ c6 21.Rd6 Rc7 22.Rhd1 Rf8 23.f3 Rff7 24.Re6 Rf6 25.Rdd6 Rxe6 26.Rxe6 
a6 27.Bxh7 b5 28.Be4 bxc4 29.h4 Kb6 30.h5 1-0

[Event "45th POL-ch"]
[Site "Lublin POL"]
[Date "1988.??.??"]
[Round "3"]
[White "Kuczynski, Robert"]
[Black "Borkowski, Franciszek"]
[Result "1/2-1/2"]
[WhiteElo "2485"]
[BlackElo "2415"]
[EventDate "1988.02.27"]
[PlyCount "24"]

1.e4 e5 2.Nf3 Nc6 3.Bb5 g6 4.c3 a6 5.Ba4 d6 6.d4 Bd7 7.O-O Bg7 8.dxe5 Nxe5
9.Nxe5 dxe5 10.Be3 Nf6 11.Nd2 O-O 12.Bxd7 Qxd7 1/2-1/2

[Event "45th POL-ch"]
[Site "Lublin POL"]
[Date "1988.??.??"]
[Round "3"]
[White "Kujawski, Adam"]
[Black "Hawelko, Marek"]
[Result "0-1"]
[WhiteElo "2345"]
[BlackElo "2385"]
[EventDate "1988.02.27"]
[PlyCount "50"]

1.e4 c5 2.c3 d5 3.exd5 Qxd5 4.d4 Nf6 5.Nf3 Nc6 6.Be2 e6 7.O-O Be7 8.dxc5 
Qxc5 9.b4 Qb6 10.a4 O-O 11.Bf4 Nd5 12.a5 Qd8 13.Bg3 Bf6 14.b5 Nxa5 15.Ne5 
b6 16.Bf3 a6 17.Rxa5 bxa5 18.c4 Nb6 19.c5 Nd5 20.b6 Qe7 21.Bxd5 exd5 22.c6
Bxe5 23.b7 Bxb7 24.cxb7 Rae8 25.Re1 Qf6 0-1

[Event "45th POL-ch"]
[Site "Lublin POL"]
[Date "1988.??.??"]
[Round "3"]
[White "Panczyk, Krzysztof"]
[Black "Tomaszewski, Roman"]
[Result "1/2-1/2"]
[WhiteElo "2435"]
[BlackElo "2370"]
[EventDate "1988.02.27"]
[PlyCount "62"]

1.d4 Nf6 2.c4 c5 3.d5 e5 4.Nc3 d6 5.e4 Be7 6.g3 O-O 7.Bg2 Nbd7 8.Nf3 Ne8 
9.O-O a6 10.a4 g6 11.Bh6 Ng7 12.Qd2 Nf6 13.h3 Kh8 14.Bg5 a5 15.Rfe1 Ng8 
16.Bxe7 Qxe7 17.Nh2 Bd7 18.f4 f6 19.Qd3 exf4 20.gxf4 g5 21.f5 Nh5 22.Qc2 
Nf4 23.Ne2 Nxe2+ 24.Rxe2 Nh6 25.Ng4 Nf7 26.Qc3 Kg7 27.b3 h5 28.Nh2 Rg8 29.
Bf3 Rh8 30.Rg2 Ne5 31.Bd1 h4 1/2-1/2

[Event "45th POL-ch"]
[Site "Lublin POL"]
[Date "1988.??.??"]
[Round "3"]
[White "Schmidt, Wlodzimierz"]
[Black "Staniszewski, Piotr"]
[Result "1/2-1/2"]
[WhiteElo "2440"]
[BlackElo "2440"]
[EventDate "1988.02.27"]
[PlyCount "89"]

1.Nf3 Nf6 2.c4 g6 3.d4 Bg7 4.g3 O-O 5.Bg2 d6 6.Nc3 Nbd7 7.O-O e5 8.e4 exd4
9.Nxd4 Nc5 10.h3 Re8 11.Re1 h6 12.Rb1 Ne6 13.Nxe6 Bxe6 14.Nd5 a6 15.Bd2 
Nd7 16.Qc2 Ne5 17.Bc3 c6 18.Ne3 b5 19.b3 c5 20.f4 Nc6 21.Bxg7 Kxg7 22.Qf2 
Nd4 23.Rbd1 Ra7 24.f5 Bc8 25.b4 bxc4 26.Nxc4 Rd7 27.Ne3 Bb7 28.Nc2 Nxc2 
29.Qxc2 cxb4 30.Qb2+ Qf6 31.Qxb4 Qe5 32.g4 Rc8 33.Re2 Qc5+ 34.Qxc5 Rxc5 
35.Red2 Re5 36.Rxd6 Rxd6 37.Rxd6 gxf5 38.gxf5 Bxe4 39.Bxe4 Rxe4 40.Rxa6 
Rf4 41.f6+ Kg6 42.Kg2 Rb4 43.a4 Rb3 44.a5 Ra3 45.Ra8 1/2-1/2

[Event "45th POL-ch"]
[Site "Lublin POL"]
[Date "1988.??.??"]
[Round "3"]
[White "Stempin, Pawel"]
[Black "Sznapik, Aleksander"]
[Result "1-0"]
[WhiteElo "2450"]
[BlackElo "2480"]
[EventDate "1988.02.27"]
[PlyCount "91"]

1.Nf3 Nf6 2.c4 g6 3.g3 Bg7 4.Bg2 O-O 5.Nc3 d6 6.O-O Nc6 7.d4 a6 8.b3 Rb8 
9.Nd5 Ne4 10.Bb2 e6 11.Ne3 f5 12.Qc2 d5 13.a3 g5 14.Rad1 h5 15.Ne5 Ne7 16.
f3 Nf6 17.Rfe1 Bd7 18.Nf1 c6 19.e4 Be8 20.exf5 Nxf5 21.Ne3 Nd7 22.Nxf5 
Rxf5 23.Bh3 Rf6 24.Bc1 Bh6 25.Qc3 Nf8 26.Re2 Bg6 27.Rde1 Bf5 28.g4 hxg4 
29.Bxg4 Qd6 30.Rg2 Kh7 31.h4 Bxg4 32.Nxg4 Rf5 33.hxg5 Bg7 34.c5 Qe7 35.Kf2
Ng6 36.Rh1+ Kg8 37.Nh6+ Bxh6 38.gxh6 Kh7 39.Rxg6 Kxg6 40.Rg1+ Kf6 41.Rg4 
Qc7 42.Kg2 Rh8 43.Qe1 Rh7 44.Bf4 Qd7 45.Qg3 Kf7 46.Rg8 1-0

[Event "45th POL-ch"]
[Site "Lublin POL"]
[Date "1988.??.??"]
[Round "4"]
[White "Borkowski, Franciszek"]
[Black "Panczyk, Krzysztof"]
[Result "0-1"]
[WhiteElo "2415"]
[BlackElo "2435"]
[EventDate "1988.02.27"]
[PlyCount "77"]

1.Nf3 Nf6 2.g3 d5 3.Bg2 g6 4.c4 dxc4 5.Qa4+ Nfd7 6.Qxc4 Bg7 7.O-O O-O 8.d4
Nc6 9.Rd1 Nb6 10.Qc2 Bf5 11.e4 Bg4 12.d5 Ne5 13.Qb3 a5 14.a4 Qd6 15.Bd2 
Qf6 16.Ne1 Bxd1 17.Qxd1 Qd6 18.Bc3 Ned7 19.f4 Qc5+ 20.Kh1 c6 21.Nd3 Qe3 
22.Ne5 Nxe5 23.fxe5 Nc4 24.Nd2 Nxe5 25.Nf1 Qd3 26.Qe1 Nf3 27.Qf2 Bxc3 28.
Bxf3 Bd4 29.Qg2 Bg7 30.h4 cxd5 31.exd5 Rac8 32.Rd1 Qb3 33.Rd2 Rc1 34.Kh2 
Qxa4 35.d6 exd6 36.Bxb7 Be5 37.Be4 Rxf1 38.b3 Qb4 39.Rc2 0-1

[Event "45th POL-ch"]
[Site "Lublin POL"]
[Date "1988.??.??"]
[Round "4"]
[White "Matlak, Marek"]
[Black "Schmidt, Wlodzimierz"]
[Result "1/2-1/2"]
[WhiteElo "2410"]
[BlackElo "2440"]
[EventDate "1988.02.27"]
[PlyCount "30"]

1.d4 Nf6 2.Nf3 g6 3.c3 Bg7 4.Bg5 O-O 5.Nbd2 d5 6.e3 Nbd7 7.b4 b6 8.Be2 Bb7
9.O-O Qe8 10.Rc1 e5 11.Qb3 Ne4 12.Nxe4 dxe4 13.Nxe5 Nxe5 14.dxe5 Qxe5 15.
Bf4 Qe7 1/2-1/2

[Event "45th POL-ch"]
[Site "Lublin POL"]
[Date "1988.??.??"]
[Round "4"]
[White "Staniszewski, Piotr"]
[Black "Kuczynski, Robert"]
[Result "0-1"]
[WhiteElo "2440"]
[BlackElo "2485"]
[EventDate "1988.02.27"]
[PlyCount "77"]

1.d4 f5 2.Nf3 Nf6 3.g3 g6 4.Bg2 Bg7 5.O-O O-O 6.c3 d6 7.Qb3+ Kh8 8.Ng5 d5 
9.Bf4 c6 10.Nd2 h6 11.Ngf3 g5 12.Be5 Nbd7 13.c4 e6 14.Bd6 Rg8 15.Ne5 Qa5 
16.Qd3 Ne8 17.Nf7+ Kh7 18.Ba3 Kg6 19.Nd6 Qc7 20.Nxe8 Rxe8 21.e4 Nf6 22.
exf5+ exf5 23.cxd5 Nxd5 24.Nc4 Be6 25.Bd6 Qd8 26.Rfe1 Nb6 27.Ne5+ Kh7 28.
Ba3 Qf6 29.b3 Rad8 30.Rad1 Kg8 31.Bb2 Bd5 32.Bxd5+ Rxd5 33.Nc4 Qf7 34.
Rxe8+ Qxe8 35.Ne3 Rd7 36.Nxf5 Nd5 37.Nxg7 Rxg7 38.Qc4 Re7 39.Kg2 
    {T}
0-1

[Event "45th POL-ch"]
[Site "Lublin POL"]
[Date "1988.??.??"]
[Round "4"]
[White "Stempin, Pawel"]
[Black "Kujawski, Adam"]
[Result "1/2-1/2"]
[WhiteElo "2450"]
[BlackElo "2345"]
[EventDate "1988.02.27"]
[PlyCount "27"]

1.Nf3 Nf6 2.c4 c5 3.Nc3 d5 4.cxd5 Nxd5 5.g3 Nc6 6.Bg2 g6 7.O-O Bg7 8.Nxd5 
Qxd5 9.d3 Qd7 10.Be3 Bxb2 11.Rb1 Bg7 12.Bxc5 b6 13.Ba3 Bb7 14.Qd2 1/2-1/2

[Event "45th POL-ch"]
[Site "Lublin POL"]
[Date "1988.??.??"]
[Round "4"]
[White "Sznapik, Aleksander"]
[Black "Szopka, Dariusz"]
[Result "1/2-1/2"]
[WhiteElo "2480"]
[BlackElo "2295"]
[EventDate "1988.02.27"]
[PlyCount "108"]

1.e4 g6 2.d4 Bg7 3.Nc3 d6 4.f4 Nf6 5.Nf3 O-O 6.Bd3 c5 7.dxc5 dxc5 8.e5 Nd5
9.Nxd5 Qxd5 10.Qe2 Bf5 11.Bxf5 gxf5 12.O-O Nc6 13.Rd1 Qe4 14.Qf2 Nb4 15.
Bd2 Nxc2 16.Rac1 Nd4 17.Ng5 Qd5 18.Be3 Rac8 19.b4 b6 20.bxc5 bxc5 21.h3 h6
22.Bxd4 cxd4 23.Rxc8 Rxc8 24.Rxd4 Qb5 25.Nf3 e6 26.Kh2 Bf8 27.Qd2 Qb1 28.
Qf2 Qb7 29.a4 Bc5 30.Qg3+ Kh7 31.Rd3 Rg8 32.Qh4 Qb2 33.Ng5+ Rxg5 34.fxg5 
Qxe5+ 35.Qg3 Qxg3+ 36.Kxg3 hxg5 37.Rd7 Kg6 38.Kf3 f6 39.g4 Bg1 40.a5 e5 
41.Re7 Bc5 42.Rc7 Bd4 43.Ke2 Bg1 44.Rc1 Bd4 45.Kd3 f4 46.Ke4 Be3 47.Rc8 
Bd2 48.Kf3 Be3 49.Rh8 Kg7 50.Rh5 Bd2 51.h4 gxh4 52.a6 Be1 53.Ke4 Bg3 54.
Kf3 Be1 1/2-1/2

[Event "45th POL-ch"]
[Site "Lublin POL"]
[Date "1988.??.??"]
[Round "4"]
[White "Tomaszewski, Roman"]
[Black "Jasnikowski, Zbigniew"]
[Result "1/2-1/2"]
[WhiteElo "2370"]
[BlackElo "2445"]
[EventDate "1988.02.27"]
[PlyCount "86"]

1.c4 e6 2.d4 Nf6 3.Nc3 d5 4.cxd5 exd5 5.Bg5 c6 6.Qc2 Be7 7.e3 Nbd7 8.Bd3 
O-O 9.Nge2 Re8 10.h3 Nf8 11.g4 Be6 12.Kf1 Rc8 13.a3 c5 14.Rd1 c4 15.Bf5 g6
16.Bxe6 Nxe6 17.Bf4 Qd7 18.Be5 b5 19.f4 a5 20.Ng3 b4 21.axb4 axb4 22.Nce2 
Qb5 23.g5 Nd7 24.h4 b3 25.Qd2 Bb4 26.Nc3 Bxc3 27.Qxc3 Nxe5 28.fxe5 Ra8 29.
Ne2 Ra2 30.Rb1 Rea8 31.Kg2 Qd7 32.Qe1 Nc7 33.Nc3 R2a5 34.Qg3 Nb5 35.Nxb5 
Rxb5 36.Rhc1 Ra2 37.Qf3 Rba5 38.Qg3 Ra8 39.Qf4 Qc6 40.Qf6 Qe6 41.Qf4 R8a6 
42.Qf3 Ra8 43.Qf4 Rc8 1/2-1/2

[Event "45th POL-ch"]
[Site "Lublin POL"]
[Date "1988.??.??"]
[Round "4"]
[White "Twardon, Marian"]
[Black "Bany, Jerzy"]
[Result "0-1"]
[WhiteElo "2350"]
[BlackElo "2450"]
[EventDate "1988.02.27"]
[PlyCount "44"]

1.d4 d5 2.c4 e6 3.Nf3 Nf6 4.Nc3 Be7 5.Bg5 h6 6.Bxf6 Bxf6 7.e3 O-O 8.Rc1 a6
9.a3 c6 10.Bd3 Nd7 11.cxd5 exd5 12.O-O Re8 13.e4 dxe4 14.Nxe4 Nf8 15.Nxf6+
Qxf6 16.h3 Be6 17.Bc4 Rad8 18.Qb3 Re7 19.Rfd1 Red7 20.Bxe6 Nxe6 21.Qb6 Nf4
22.Rc2 Qg6 0-1